Countries With 2024 F1 Tracks - Statistics

General Stats
  • This quiz has been taken 132 times
  • The average score is 17 of 21
Answer Stats
Answer % Correct
USA
98%
Australia
94%
Brazil
92%
UK
92%
Japan
89%
China
88%
Italy
88%
Spain
86%
Canada
84%
Mexico
84%
Belgium
81%
Saudi Arabia
81%
Qatar
80%
Austria
79%
Bahrain
78%
Netherlands
78%
Azerbaijan
76%
Monaco
76%
Hungary
73%
UAE
73%
Singapore
70%
No matching quizzes found
Score Distribution
Percent of People with Each Score
Percentile by Number Answered
Your Score History
You have not taken this quiz